| 000 | 00658nam a2200193 a 4500 | ||
|---|---|---|---|
| 008 | 120416s1989 ||||||||||||||||| || u | ||
| 020 | _a0947792201 | ||
| 050 | _aHB 74.E2 Sin | ||
| 100 | _aSingh, Narindar | ||
| 245 | 1 | 0 | _aEconomics and the crisis of ecology. (3rd ed.) |
| 250 | _a3rd rev. e | ||
| 260 |
_aLondon: _bBellew Publishing _c1989 |
||
| 300 | _axxvii, 236p. | ||
| 350 | _a0.00 | ||
| 650 | 0 | _aECONOMICS | |
| 650 | 0 | _aECONOMIC DEVELOPMENT--AFRICA, SUB-SAHARAN | |
| 650 | 0 | _aHUMAN ECOLOGY | |
| 995 |
_D0.00 _FCBU-MAIN LIBRARY (Kitwe) _H1 _I7.95 _UAVAILABLE _ZAnnex Low-Usage Collection |
||
| 999 |
_c40980 _d40980 |
||